000 00505nam a2200181 a 4500
005 20140310183330.0
008 060829s19uu xx 00 eng d
020 _a0071453954
050 _aPA 2150
_b.P74 2005
100 _aPrior, Richard
245 _aLatin verd drills/.
260 _aNew York :
_bMcGraw-Hill,
_c2005.
300 _a147 p. :
_bill. ;
_c26 cm.
650 _aLatin language
_xVerb.
650 _aLatin language
_xComposition and exercises.
942 _cBK
_2lcc
_kFOR
999 _c21540
_d21540